00770nam a2200193Ia 4500008004100000100002500041245011900066245009600185260003000281260000900311300003900320440005700359650002000416650001600436650001200452650002100464999001900485952007200504190427s9999 xx 000 0 und d aLippard, Christine N aPreparing early childhood preservice teachers for science teaching: Aligning across a teacher preparation program/ cChristine N. Lippard, Kristina Tank, Mellisa C. Walter, Jackie Kroogh, and Karen Colbert.-- bTaylor and Francis Group  c2018 apages 193-212, July-September 2018 aJournal of Early Childhood Teacher Education v39(3) aEarly Childhood aPreparation aProgram aScience Teaching c361702d361702 001040aCLbCLd2019-04-27l0r2019-04-27 00:00:00w2019-04-27ySE